| 000 | 02623nam a2200481 c 4500 | ||
|---|---|---|---|
| 003 | BLK | ||
| 005 | 20241025005439.0 | ||
| 008 | 180410b bul|||||r ||||||| ||bul|| | ||
| 010 | _aKNG00166811000 | ||
| 020 | _a978-954-400-791-1 | ||
| 040 | _aBLK | ||
| 041 |
_aBUL _cBUL |
||
| 072 | 7 |
_2bullib _aН82 _xЛитературознание Н |
|
| 080 |
_aБългарска литература _b821.163.2 _x(092) _z821.163.2(092) |
||
| 080 |
_aБългарски писател _b929 Йовков, Йордан Стефанов _z929 Йовков, Йордан Стефанов |
||
| 100 |
_9377195 _aАтанасова, Сия _gСарандева, Сия Атанасова |
||
| 139 |
_aАтанасова, Сия и др. _bИ 77 |
||
| 245 | 1 | 0 |
_aЙордан Йовков (1880 - 1937) _bЛетопис на неговия живот и творчество : Т. 1 - _cсъстав. Сия Атанасова, Кремена Митева ; отг. ред. Иван Сарандев. _nТ. 1 _p1880 - 1926 |
| 257 | _aBGR | ||
| 260 |
_aВ. Търново _bФабер _c2013 _9209950 _n978-619-00- ; 978-954-400- ; 978-954-775- ; 954-9541- |
||
| 300 |
_a400 с., 8 л. : с ил., портр, факс. _c24 см |
||
| 380 | _a82 | ||
| 500 | _aПълното име на първата състав. е Сия Атанасова Сарандева. - Трудните победи на таланта / Иван Сарандев : с. 9-17. - Именен показалец. | ||
| 504 | _aБиблиогр.: с. 355-369 | ||
| 600 | 0 |
_aЙовков, Йордан Стефанов _d1880-1937 _gПисател класик - белетрист, драматург, майстор на късия разказ _9363298 |
|
| 650 | 4 |
_aЙовков, Йордан Стефанов _9363298 |
|
| 650 | 0 |
_aПисатели, български - биографии _9243085 |
|
| 651 | 4 |
_aБългария _9241624 |
|
| 653 | _aЙордан Йовков | ||
| 653 | _aбиографии | ||
| 653 | _aбългарски писатели | ||
| 659 | _aН | ||
| 700 |
_aАтанасова, Сия _gСарандева, Сия Атанасова _9377195 |
||
| 700 |
_aМитева, Кремена Иванова _gЛитературовед. Филолог, стара българска литература. _9373911 |
||
| 700 | 1 |
_aСарандев, Иван Атанасов _9118951 |
|
| 852 | _aЦб 271303 | ||
| 856 | 4 | _qpdf | |
| 856 | 4 | _qpdf | |
| 942 |
_cKNG _n0 _03 |
||
| 944 |
_aCR _c04.11.2014 _lCRON CRON _k |
||
| 944 |
_aED _c25.07.2016 _lф / _kЛюдмила_Стоянова |
||
| 999 |
_c159638 _d159638 |
||
| 999 | _d159638 | ||